000 00839nam a2200229 a 4500
001 000027559
005 20240412074253.0
008 110401s1981 dr a 000 p spa d
040 _aDO-SdBNP
_bspa
_cBNPHU
082 _aRD861.44
_bC322y
100 1 _aCartagena Portalatín, Aída,
_d1918-1994
_923557
245 1 0 _aYania tierra :
_bpoema documento /
_cAida Cartagena Portalatín.
260 _aSanto Domingo :
_b[s.n.],
_c1981.
300 _a82 p. :
_bil. ;
_c20 cm.
490 1 _aMontesinos
_v3
505 0 _tYania tierra (Poema documento) --
_tYania tierra (Gráficas sobre hechos y cosas sucedidos en La Española durante cinco siglos)
590 _aInventariado, 2018/BT
650 0 _aPoesía dominicana
_966
650 0 _aLiteratura dominicana.
_967
830 0 _aMontesinos
_n3
_954649
910 _aValidado. Control de calidad. EMS
999 _c27051
_d27051